| 000 | 00804cam a22002531 4500 | ||
|---|---|---|---|
| 001 | sa 68015987 | ||
| 003 | DLC | ||
| 005 | 20260227112651.0 | ||
| 008 | 930506s1967 io 000 0 ind | ||
| 010 | _asa 68015987 | ||
| 025 | _aPL480:Indo-8252 | ||
| 035 | _a(OCoLC)28057993 | ||
| 040 |
_aDLC _cCU _dDLC |
||
| 041 | 0 | _aindeng | |
| 042 | _apremarc | ||
| 050 | 0 | 0 |
_aHV11 _b.B27 1967 |
| 110 | 2 | _aBalai Penelitian dan Penindjauan Sosial. | |
| 245 | 0 | 0 |
_aPandangan singkat tentang maksud dan tudjuan Balai Penelitian dan Penindjauan Sosial. _bA short view of the scope and aim of the Institute for Social Research and Observation. |
| 260 |
_aJogjakarta _c[1967?] |
||
| 300 |
_a18 p. _c21 cm. |
||
| 500 | _aCover title. | ||
| 500 | _aIndonesian and English. | ||
| 650 | 0 |
_aSocial service _xResearch. |
|
| 999 |
_c86853 _d86853 |
||